000 00540nam a2200181 a 4500
005 20240920064539.0
008 991125s1910 es 000 0 spa u
035 _aUPN01000016697
049 _aCE
050 4 _aLA639 L8
_bS2.3
100 1 _aSáiz, Concepción
245 1 0 _aDos meses por las escuelas de Londres /
_cConcepción Sáiz.
260 _aMadrid :
_bVda. de Hernando,
_c1910.
300 _a94 p., [2] h. de láms.
650 4 _aEducación
_zGran Bretaña
_913394
650 4 _aESCUELAS -
_zGRAN BRETAÑA
_913400
905 _aLibro
999 _c16697
_d16697